| 000 | 00000nam 2200000zi 4500 |
| 001 | 9.882944 |
| 003 | CaOODSP |
| 005 | 20221107170430 |
| 006 | m o d f |
| 007 | cr ||||||||||| |
| 008 | 191216t20212021onc ob f00| 0 fre d |
| 020 | |a9780660335452 |
| 040 | |aCaOODSP|bfre|erda|cCaOODSP |
| 043 | |an-cn--- |
| 086 | 1 |aH139-6/2021F-PDF |
| 245 | 00|aGuide sur la validation des procédés de nettoyage. |
| 264 | 1|a[Ottawa] : |bSanté Canada = Health Canada, |c2021. |
| 264 | 4|c©2021 |
| 300 | |a1 ressource en ligne (42 pages) |
| 336 | |atexte|btxt|2rdacontent/fre |
| 337 | |ainformatique|bc|2rdamedia/fre |
| 338 | |aressource en ligne|bcr|2rdacarrier/fre |
| 500 | |aPublié aussi en anglais sous le titre : Cleaning validation guide. |
| 500 | |aPublié aussi en format HTML. |
| 500 | |a« GUI-0028. » |
| 500 | |a« 29 juin 2021. » |
| 504 | |aComprend des références bibliographiques (pages 39-42). |
| 520 | |a« Le présent guide s’adresse à toutes les personnes qui participent à la fabrication et à la réglementation de produits pharmaceutiques, biologiques et radiopharmaceutiques vendus au Canada, notamment : l’industrie réglementée; les inspecteurs et les évaluateurs. Il fournit des lignes directrices sur la validation des procédés de nettoyage. Il vous aidera à comprendre et à respecter le titre 2 de la partie C du Règlement sur les aliments et drogues (le Règlement) »--page 6. |
| 650 | 6|aLaboratoires pharmaceutiques|xAppareils et matériel|xEntretien journalier|vGuides, manuels, etc. |
| 650 | 6|aBio-industries|xAppareils et matériel|xEntretien journalier|vGuides, manuels, etc. |
| 650 | 6|aMédecine|xAppareils et instruments|xStérilisation|vGuides, manuels, etc. |
| 655 | 7|aGuides et manuels|2rvmgf |
| 710 | 1 |aCanada. |bSanté Canada, |eorganisme de publication. |
| 775 | 08|tCleaning validation guide. |w(CaOODSP)9.882942 |
| 856 | 40|qPDF|s1,005 Ko|uhttps://publications.gc.ca/collections/collection_2021/sc-hc/H139-6-2021-fra.pdf |
| 856 | 4 |qHTML|sS.O.|uhttps://www.canada.ca/fr/sante-canada/services/medicaments-produits-sante/conformite-application-loi/bonnes-pratiques-fabrication/validation/directive-validation-procedes-nettoyage-guide-0028/document.html |
| 986 | |a200030 |